000 01151cam a2200229 4500
001 WB3911-06
008 030318n2003 000 0 eng u
035 _a(Sirsi) u121657
245 _aAffordable homes
260 _c2003
490 _aGreater London Authority News Release
_v 17 March 2003, (2)
520 _aNew report commissioned by the Mayor and the Government Office for London argues that many London boroughs could increase their supply of affordable homes by lowering the thresholds of sites on which affordable housing can be sought. The report recommends that the thresholds which set the number of homes in a development above which affordable housing can be sought be reduced to five - 10 from their current levels of 15 or 25. For the Greater London Authority Press Release: http://www.london.gov.uk/view_press_release.jsp?releaseid=1669
590 _aWB
650 _aGREATER LONDON AUTHORITY
650 _aLONDON
650 _aAffordable housing
_96215
650 _aTHRESHOLDS
650 _aHOUSING-DEVELOPMENT
650 _aTOWN AND COUNTRY PLANNING ACT 1990 S106
690 _aAffordable housing
_96215
942 _n0
999 _c72318
_d72318